ბათუმის შოთა რუსთაველის სახელმწიფო უნივერსიტეტის ბიბლიოთეკა

შეზღუდული პასუხისმგებლობის საზოგადოება საქართველოში: (ბიბ.ჩანაწერი № 57630)

000 -ლიდერი
ფიქსირებული სიგრძის საკონტროლო ველი 01511nam a22002177a 4500
003 - საკონტროლო ნომრის იდენტიფიკატორი
საკონტროლო ველი Ge_BSU
005 - ბოლო ოპერაციის თარიღი და დრო
საკონტროლო ველი 20200819142637.0
008 - ფიქსირებული სიგრძის მონაცემთა ელემენტები - ზოგადი ინფორმაცია
ფიქსირებული სიგრძის საკონტროლო ველი 200819s2019 ge ||||| |||| 00| 0 geo d
020 ## - წიგნის საერთაშორისო სტანდარტული ნომერი
International Standard Book Number 9789941964800
041 ## - ენის კოდი
Language code of text/sound track or separate title geo
080 ## - უნივერსალური ათობითი კლასიფიკაციის ინდექსი
Universal Decimal Classification number 347.7 ბ-97
100 ## - მთავარი ჩანაწერი - პიროვნების სახელი
Personal name ბურდული, ირაკლი
9 (RLIN) 7029
245 ## - ცნობა სათაურის შესახებ
Title შეზღუდული პასუხისმგებლობის საზოგადოება საქართველოში:
Remainder of title არსებული რეალობა და რეგულატორული დეფიციტი /
Statement of responsibility, etc ირაკლი ბურდული, გიორგი მახარობლიშვილი, გვანცა მაღრაძე; საკორპორაციო, საბანკო და ეკონომიკური სამართლის ინსტიტუტი. იურიდიული ფაკულტეტი.
264 ## - წარმოების, გამოცემის, დისტრიბუციის და სხვა ცნობები
გამოცემის, წარმოების, დისტრიბუციის... ადგილი თბილისი:
გამოცემის, წარმოების, დისტრიბუციის... სახელწოდება იურისტების სამყარო,
გამოცემის, წარმოების, დისტრიბუციის... თარიღი 2019.
300 ## - ფიზიკური აღწერა
Extent 220 გვ.;
Other physical details 20 სმ.
653 ## - INDEX TERM--UNCONTROLLED
Uncontrolled term შეზღუდული პასუხისმგებლობის საზოგადოება საქართველოში
653 ## - INDEX TERM--UNCONTROLLED
Uncontrolled term სამართალი
700 ## - ADDED ENTRY--PERSONAL NAME
Personal name მახარობლიშვილი, გიორგი
Relator term ავტორი
9 (RLIN) 9266
700 ## - ADDED ENTRY--PERSONAL NAME
Personal name მაღრაძე, გვანცა
Relator term ავტორი
9 (RLIN) 9267
942 ## - ADDED ENTRY ELEMENTS (KOHA)
Source of classification or shelving scheme
Koha item type წიგნი
ეგზემპლარები
ჩამოწერის სტატუსი დაკარგული ეგზემპლარის სტატუსი კლასიფიკაციის წყარო ან თაროზე გაწყობის სქემა დაზიანების სტატუსი არ გაიცემა მუდმივი მდებარეობა (დაცვის ადგილი) ამჟამინდელი ადგილსამყოფელი თაროზე განთავსების ადგილი შეძენის თარიღი ღირებულება, შესყიდვის ნორმალური ფასი სრული შენახვის შიფრი შტრიხკოდი ბოლო ოპერაციის თარიღი ეგზემპლარის მიმდევრობითი ნომერი (კეტერი?) ფასის ძალაში შესვლის თარიღი ეგზემპლარის სახეობა საჯარო შენიშვნა
          ბათუმის შოთა რუსთაველის სახელმწიფო უნივერსიტეტის მთავარი ბიბლიოთეკა ბათუმის შოთა რუსთაველის სახელმწიფო უნივერსიტეტის მთავარი ბიბლიოთეკა წიგნსაცავი 2020-08-19 17.00 347.7 ბ-97 60851 2020-08-19 60851 2020-08-19 წიგნი 17 ლ.